Statistics for 140 Most Common M Words In English

Click here to take the quiz!

General Stats

  • This quiz has been taken 85 times
  • The average score is 41 of 140

Answer Stats

M% Correct
me
97%
my
92%
man
91%
more
86%
mad
85%
mean
85%
may
83%
most
83%
make
82%
mine
75%
meal
74%
main
72%
meat
69%
miss
69%
map
66%
mom
66%
mother
66%
many
65%
meet
65%
must
63%
mass
60%
move
60%
mess
58%
mail
57%
mark
57%
money
55%
might
54%
milk
52%
mode
51%
mouse
51%
male
49%
mall
46%
marry
46%
master
45%
maybe
45%
moon
45%
math
42%
Mr
42%
much
42%
mind
40%
movie
38%
match
37%
mix
37%
mouth
37%
middle
35%
month
35%
morning
35%
mask
34%
mount
34%
Mrs
34%
mood
32%
music
32%
mere
29%
market
28%
matter
28%
mountain
28%
myself
28%
magazine
26%
maker
26%
medicine
26%
memory
26%
million
26%
minute
25%
manage
23%
meter
23%
model
23%
medium
22%
movement
22%
major
20%
meeting
20%
member
20%
Ms
20%
medical
18%
message
18%
motor
18%
murder
18%
maintain
17%
manager
17%
marriage
17%
mostly
17%
machine
15%
mainly
15%
management
15%
massive
15%
modern
15%
moment
15%
muscle
15%
maintenance
14%
media
14%
mission
14%
musical
14%
manner
12%
meaning
12%
measure
12%
mention
12%
minor
12%
mirror
12%
moreover
12%
multiple
12%
mystery
12%
mental
11%
metal
11%
miracle
11%
missile
11%
mistake
11%
myth
11%
majority
9%
Mexican
9%
minister
9%
mixture
9%
motion
9%
material
8%
mayor
8%
membership
8%
museum
8%
makeup
6%
marketing
6%
married
6%
meanwhile
6%
measurement
6%
moderate
6%
monitor
6%
medication
5%
menu
5%
merely
5%
military
5%
moral
5%
mortgage
5%
musician
5%
Muslim
5%
manufacturer
3%
margin
3%
mechanism
3%
method
3%
motivation
3%
manufacturing
2%
minority
2%
mm-hmm
2%
modest
2%
mutual
2%

Score Distribution

Percentile by Number Answered

Percent of People with Each Score

Your Score History

You have not taken this quiz